000 00267nam a2200097Ia 4500
001 734522
005 20250826163835.0
008 250824s9999 xx 000 0 und d
245 0 _aSALYANGOZ SUYANGOZ VE ARKADAŞLARI
_cŞEBNEM GÜLER KARACAN
260 _bYEDİVEREN ÇOCUK
999 _c734522
_d734522